One-Name Historical Figures A-Z - Statistics

General Stats
  • This quiz has been taken 1,821 times
  • The average score is 17 of 26
Answer Stats
Hint Answer % Correct
M Founded Islam Muhammad
95%
C Lover of Caesar and Antony Cleopatra
94%
B Siddhārtha Gautama Buddha
93%
T Pharaoh who was dug up in 1922 Tutankhamun
93%
N Fiddled while Rome burned Nero
90%
I Queen who united Spain Isabella
89%
A Notable hun Attila
87%
V 19th century British monarch Victoria
87%
R Mad monk of Tsarist Russia Rasputin
85%
D "The Divine Comedy" Dante
83%
P 3-time World Cup winner Pelé
78%
H Carthaginian general Hannibal
76%
K Khan who conquered China Kublai
75%
X "Great" Persian king Xerxes
73%
E Juan Peron's wife Evita
66%
F "Great" King of Prussia Frederick
66%
W House of Orange-Nassau founder William
65%
L Ancient Chinese philosopher Laozi
60%
J "Great" Byzantine Emperor Justinian
59%
G Apache leader Geronimo
58%
U Second modern king of Italy Umberto
49%
O Founded the Ottoman Empire Osman
38%
Q Roman rhetorician from Hispania {Quin}tilian
29%
S Sukarno's successor Suharto
29%
Z Ancient Greek paradox enthusiast Zeno
27%
Y Second Umayyad caliph Yazid
5%
No matching quizzes found
Score Distribution
Percent of People with Each Score
Percentile by Number Answered
Your Score History
You have not taken this quiz